Sports Quiz

Random Sports or Numbers Quiz

⑧ Opportunity Knocks but Eight Times ⑧ Quiz Stats

Quiz not verified by Sporcle

Challenge
Share
Tweet
Score 0/15 Timer 05:00
0 Plays Today
% Correct
Solid, that's right (B)
100%
Top of the League (B)
76.6%
Gold Medal! (B)
66%
Nice Shot! (D)
66%
Gently Down the Stream... (A)
66%
Three Pointer! (C)
63.8%
Strike! (A)
63.8%
Bullseye! (C)
55.3%
% Correct
You're in front! (C)
51.1%
Taken the biscuit (B)
46.8%
That's a try! (A)
40.4%
BULLSEYE! (E)
36.2%
Victory! (A)
31.9%
Goooaaaal (C)
29.8%
It's in the HOLE! (D)
29.8%

You're not logged in!

Compare scores with friends on all Sporcle quizzes.
Sign Up with Email
OR
Log In

You Might Also Like...

Show Comments

Extras

Top Quizzes Today


Score Distribution

Your Account Isn't Verified!

In order to create a playlist on Sporcle, you need to verify the email address you used during registration. Go to your Sporcle Settings to finish the process.